000
00314 a2200145 4500
001
15660
020
_a
9788526016019
040
_c
Anchieta - Bela Vista
100
_a
França, Mary
240
1
0
_a
Todas as letras
_l
por
245
1
0
_a
Todas as letras
300
_a
61
650
4
_a
Literatura infantil
942
_c
BK
999
_c
15660
_d
15660